000
00244nam a2200097Ia 4500
001
988767
005
20250826221144.0
008
250824s9999 xx 000 0 und d
245
0
_a
ÇANAKKALEDEN CENNETE
_c
FATİH DUMAN
260
_b
NESİL YAYINEVİ
999
_c
988767
_d
988767